000 00337nam a22001453 4500
001 206689
005 20250523114817.0
090 _a206689
100 _a20250523 ukry50
101 _aukr
102 _aUA
200 _a
210 _d2025
801 _2unimarc
_aUA
_gpsbo
942 _cNEWSPAPER